000 00461nam a2200181Ia 4500
001 13143
005 20260306163032.0
008 260306t2010||||xx |||||||||||||| ||spa||
041 _aESP
082 _a121.4
_bF78
100 _aFoucault, Michel
_eAUT
245 0 _aLas palabras y las cosas:
_buna arqueología de las ciencias humanas
260 _c2010
300 _a398 páginas :
_c23 cm.
650 _aGEN
654 _aCHU
942 _cLIB
_dJUS
_fJUS
_2ddc
_n
999 _c13143
_d13143